Pteridophytes: some aspects of their structure and morphology (Record no. 55923)

MARC details
000 -LEADER
fixed length control field 00405nam a2200157Ia 4500
008 - FIXED-LENGTH DATA ELEMENTS--GENERAL INFORMATION
fixed length control field 230917s9999||||xx |||||||||||||| ||und||
020 ## - ISBN
Price RS75
040 ## - CATALOGING SOURCE
-- 1038
Original cataloging agency VIVEKANANDA LIBRARY
041 ## - Language
-- English
082 ## - DDC NUMBER
Classification number 587 B53P
100 ## - MAIN ENTRY--PERSONAL NAME
Personal name Bir, S S, ed.
245 #0 - TITLE STATEMENT
Title Pteridophytes: some aspects of their structure and morphology
260 ## - PUBLICATION, DISTRIBUTION, ETC. (IMPRINT)
Place of publication, distribution, etc New Delhi
Name of publisher, distributor, etc Today & Tomorrow
Date of publication, distribution, etc 1980
300 ## - PHYSICAL DESCRIPTION
Pages 157 p.
942 ## - ADDED ENTRY ELEMENTS (KOHA)
Koha item type Books
Holdings
Withdrawn status Lost status Damaged status Not for loan Location (home branch) Sublocation or collection (holding branch) Date acquired Koha issues (times borrowed) Koha full call number Accession No. Koha date last seen Koha item type
        VIVEKANANDA LIBRARY VIVEKANANDA LIBRARY 08/08/2002   587 B53P 125890 17/09/2023 Books
© Designed and Maintained by Vivekananda Library, MDU Rohtak